| 000 | 02063cam a22004694i 4500 | ||
|---|---|---|---|
| 003 | PE-LiUPU | ||
| 005 | 20250731173415.0 | ||
| 008 | 150706s1977 sp rb 000 0 spa d | ||
| 020 | _a9788496562028 | ||
| 035 | _a(Sirsi) i9788496562028 | ||
| 040 |
_aPE-LiUPU _bspa _cPE-LiUPU _erda |
||
| 049 | _aPRUA | ||
| 082 | 0 | 4 |
_a224.507 _bG79 _221 |
| 100 | 1 |
_aGrau, José, _eautor. |
|
| 245 | 1 | 4 |
_aLas profecías de Daniel : _bEstudios sobre el libro de Daniel, con atención especial a los grandes pasajes proféticos / _cJosé Grau. |
| 264 | 1 |
_aMoral de Calatrava (ciudad real), España : _bPeregrino, _c1977. |
|
| 300 |
_a320 páginas ; _c22 centímetros |
||
| 336 |
_atext _2rdacontent |
||
| 337 |
_aunmediated _2rdamedia |
||
| 338 |
_avolume _2rdacarrier |
||
| 504 | _aIncluye bibliografía. | ||
| 505 | 0 | _aDaniel, hombre de Dios y hombre de su tiempo -- Dios controla la historia -- La idolatría y la tiranía -- El testimonio de Nabucodonosor -- La caída de Babilonia -- La prueba de Daniel ante Darío -- Las visiones de Daniel -- Más visiones de Daniel -- La oración de Daniel y la respuesta profética -- La gran visión de la gloria de Dios -- En los postreros días -- Al cabo del tiempo. | |
| 526 | _aSEG42 | ||
| 526 | _aSEG41 | ||
| 526 | _aSEG40 | ||
| 526 | _aSEG39 | ||
| 526 | _aP94 | ||
| 526 | _aP87 | ||
| 526 | _aP86 | ||
| 526 | _aP85 | ||
| 526 | _aP77 | ||
| 526 | _aP76 | ||
| 526 | _aP35 | ||
| 541 | _g001-0000566; | ||
| 630 |
_aBiblia. _pA.T. _pDaniel _xComentarios. |
||
| 910 |
_agl _bjv _clch _d20120523 |
||
| 942 |
_2ddc _cBOOK |
||
| 949 |
_a224.507 G79 _wDEWEY _c1 _i64678 _lCCODEBUL1 _mBUL _p30.00 _r0 _sY _tBOOK _u2015-7-6 _xTEOLOGIA _PP35 _o.STAFF. Colección Teología |
||
| 994 |
_aC0 _bPEPRU |
||
| 596 | _a1 | ||
| 999 |
_a224.507 G79 _wDEWEY _c53384 _i64678 _d53384 _e2018-11-4 _f2021-11-11 _g6 _lCCODEBUL1 _mBUL _n10 _p30.00 _q14 _r0 _sY _tBOOK _u2015-7-6 _xTEOLOGIA _PP35 _0COMPRA _o.STAFF. Colección Teología |
||
| 980 |
_81 _gALBERTO SANCHEZ Responsable de Automatización |
||